MARC

LEADER 00000nam0a2200000 4500
001 173804
005 20231101223125.0
035 |a (RuTPU)RU\TPU\book\188491 
090 |a 173804 
100 |a 20100108d1966 m y0rusy50 ca 
101 0 |a rus 
102 |a RU 
105 |a a j 001zy 
200 1 |a Конструкции из дерева и пластмасс  |e учебник  |f В. Ф. Иванов 
210 |a Москва  |a Ленинград  |c Стройиздат  |d 1966 
215 |a 352 с.  |c ил. 
320 |a Библиогр.: с. 346-347. 
606 1 |a Конструкции из дерева и пластмасс  |2 stltpush  |3 (RuTPU)RU\TPU\subj\15435  |9 41674 
610 1 |a дерево 
610 1 |a пластмассы 
610 1 |a конструкции 
610 1 |a применение 
610 1 |a механические свойства 
610 1 |a защита 
610 1 |a расчет 
610 1 |a проектирование 
610 1 |a соединения элементов 
610 1 |a изготовление 
610 1 |a учебники 
675 |a 624.011(075.8)  |v 3 
700 1 |a Иванов  |b В. Ф.  |g Владимир Федорович 
801 1 |a RU  |b 63413507  |c 20100108 
801 2 |a RU  |b 63413507  |c 20180312  |g RCR 
942 |c BK